000
00291nam a2200109Ia 4500
001
1272352
005
20260417151426.0
008
260417s9999 xx 000 0 und d
020
_a
9786257854139
245
0
_a
Meraklı Sorular Eğlenceli Cevaplar
_c
Mehmet Demirhan
260
_b
Ketebe Çocuk
999
_c
1272352
_d
1272352